000 00887nas a2200265Ia 4500
001 R268-R7008
003 IT-CnALBA
008 170116c99999999xx |||||||||||| ||und||
040 _aIT-CnALBA
_cIT-CnALBA
041 _aITALIANO
100 _aBERRUTI ROBERTO
210 _aLA SCUOLA DEI FATTI
222 _aLA SCUOLA DEI FATTI
245 0 _aLA SCUOLA DEI FATTI. CATECHISMO IN ESEMPI. PARTE V. LE VIRTÙ CARDINALI.
250 _a1a ed.
260 _aTORINO
_bLICE. ROBERTO BERRUTI & C.
_cn.d.
300 _a416 p.
310 _aVARIA
500 _aPRUDENZA. GIUSTIZIA. FORTEZZA. TEMPERANZA. INDICE ANNATE X E XI.
501 _aSocietà San Paolo EM - Piazza San Paolo, 14 - 12051 ALBA (CN) (non commercial uses only) ® Copyright 2017
520 _aPRUDENZA. GIUSTIZIA. FORTEZZA. TEMPERANZA. INDICE ANNATE X E XI.
650 _aCATECHESI
942 _cCR
957 _71
999 _a58574
_bNO
_g1
_c325601
_d325601